Statistiques concernant Départements ayant gagné le plus d'habitants entre 1801 et 2014

Cliquez ici pour prendre le quiz!

Statistiques générales

  • Ce quiz a été pris 142 fois
    (119 depuis la dernière actualisation)
  • Le résultat moyen est 33 sur 40

Statistiques - réponses

Evolution (%)NomPop 1801Pop 2014Evolution% Correct
Evolution (%)Nord7650012603472240,32%
95%
Augmentation (brute)Nord76500126034721838471
95%
Evolution (%)Loire290903757305160,33%
94%
Augmentation (brute)Loire290903757305466402
94%
Augmentation (brute)Rhône29939018018851502495
94%
Evolution (%)Rhône2993901801885501,85%
94%
Augmentation (brute)Pas-de-Calais5056151472589966974
91%
Evolution (%)Pas-de-Calais5056151472589191,25%
91%
Augmentation (brute)Var2717031038212766509
91%
Evolution (%)Var2717031038212282,11%
91%
Evolution (%)Gironde5027231526016203,55%
90%
Augmentation (brute)Gironde50272315260161023293
90%
Evolution (%)Hérault2754491107398302,03%
88%
Augmentation (brute)Hérault2754491107398831949
88%
Augmentation (brute)Bouches-du-Rhône28501220060691721057
87%
Evolution (%)Bouches-du-Rhône2850122006069603,85%
87%
Evolution (%)Bas-Rhin4502381112815147,16%
86%
Augmentation (brute)Bas-Rhin4502381112815662577
86%
Evolution (%)Loire-Atlantique3693051346392264,57%
86%
Augmentation (brute)Loire-Atlantique3693051346392977087
86%
Evolution (%)Haute-Garonne3395741317668288,04%
85%
Augmentation (brute)Haute-Garonne3395741317668978094
85%
Augmentation (brute)Haut-Rhin303773760134456361
85%
Evolution (%)Haut-Rhin303773760134150,23%
85%
Augmentation (brute)Finistère439046905855466809
82%
Evolution (%)Isère4358881243597185,30%
82%
Augmentation (brute)Isère4358881243597807709
82%
Augmentation (brute)Seine-et-Marne29916013778461078686
79%
Evolution (%)Seine-et-Marne2991601377846360,57%
79%
Evolution (%)Moselle3481411045154200,21%
74%
Augmentation (brute)Moselle3481411045154697013
74%
Augmentation (brute)Seine-Maritime6098431257920648077
74%
Evolution (%)Gard300144736029145,23%
73%
Augmentation (brute)Gard300144736029435885
73%
Augmentation (brute)Oise350854818380467526
73%
Evolution (%)Vaucluse191421554374189,61%
71%
Augmentation (brute)Ille-et-Vilaine4888461032240543394
69%
Evolution (%)Pyrénées-Orientales110732466327321,13%
60%
Evolution (%)Vendée243426662122172,00%
59%
Evolution (%)Doubs216226534710147,29%
41%

Distribution des résultats

Percentile par nombre de réponses

% des personnes avec chaque résultat

Votre développement - résultats

Vous n’avez pas pris ce quiz depuis la dernière actualisation